|
|
|
|
| LEADER |
01253nam a2200361Ia 4500 |
| 001 |
EBC3018328 |
| 003 |
MiAaPQ |
| 005 |
20200520144314.0 |
| 006 |
m o d | |
| 007 |
cr cn||||||||| |
| 008 |
090504s2009 nyua s 001 0 eng d |
| 010 |
|
|
|z 2009278188
|
| 020 |
|
|
|z 9781607412175
|
| 020 |
|
|
|z 1606925431
|
| 020 |
|
|
|z 9781606925430
|
| 035 |
|
|
|a (MiAaPQ)EBC3018328
|
| 035 |
|
|
|a (Au-PeEL)EBL3018328
|
| 035 |
|
|
|a (CaPaEBR)ebr10660189
|
| 035 |
|
|
|a (OCoLC)429910914
|
| 040 |
|
|
|a MiAaPQ
|c MiAaPQ
|d MiAaPQ
|
| 050 |
|
4 |
|a TK1006
|b .O185 2009
|
| 082 |
0 |
4 |
|a 621.31/21
|2 22
|
| 100 |
1 |
|
|a Obara, Shin'ya.
|
| 245 |
1 |
0 |
|a Distributed energy systems
|h [electronic resource] /
|c Shin'ya Obara.
|
| 260 |
|
|
|a New York :
|b Nova Science Publishers, Inc.,
|c c2009.
|
| 300 |
|
|
|a 68 p. :
|b ill.
|
| 500 |
|
|
|a Includes index.
|
| 533 |
|
|
|a Electronic reproduction. Ann Arbor, MI : ProQuest, 2015. Available via World Wide Web. Access may be limited to ProQuest affiliated libraries.
|
| 650 |
|
0 |
|a Distributed generation of electric power
|x Mathematical models.
|
| 650 |
|
0 |
|a Fuel cells.
|
| 655 |
|
4 |
|a Electronic books.
|
| 710 |
2 |
|
|a ProQuest (Firm)
|
| 856 |
4 |
0 |
|u https://ebookcentral.proquest.com/lib/matrademy/detail.action?docID=3018328
|z Click to View
|